[Event "Mechanics' Alan Benson TNM; G/2"]
[Site "San Francisco"]
[Date "2016.08.23"]
[Round "4.40"]
[White "Bayaraa, Bilguun"]
[Black "Harris, Clarence"]
[Result "1-0"]
[WhiteElo "796"]
[BlackElo "1400"]
[Annotator "Donaldson"]
[PlyCount "71"]
[EventDate "2016.??.??"]

1. d4 Nf6 2. c4 g6 3. Nc3 Bg7 4. e4 d6 5. f3 O-O 6. Be3 Nbd7 7. Bd3 c5 8. d5
Ne5 9. Nge2 Nfd7 10. Qc2 $2 {Black to play and win an important pawn.} Nxd3+
11. Qxd3 Ne5 12. Qc2 Nxc4 13. Bf4 Bd7 14. b3 Ne5 15. O-O b5 16. Bxe5 Bxe5 17.
Rfd1 $2 (17. Rac1) 17... b4 18. f4 $2 (18. Na4) 18... Rb8 $4 (18... Bxc3 $19)
19. fxe5 bxc3 20. Qxc3 dxe5 21. Qxc5 Bg4 22. Rd2 Qb6 23. Qxb6 axb6 24. Nc3 b5
25. a3 Rfc8 26. Na2 f5 27. exf5 Bxf5 28. Re1 Rc2 29. Rxc2 Bxc2 30. Rxe5 Bxb3
31. Nb4 Bc4 32. Rxe7 Ra8 33. h3 Rf8 (33... Rxa3 34. d6 $18) 34. Rb7 Ra8 35. d6
Rxa3 $2 (35... Rd8 36. d7 Be6 37. Rxb5 Bxd7 $16) 36. Rb8+ 1-0

[Event "Mechanics' Spring TNM; G/2"]
[Site "San Francisco"]
[Date "2016.04.05"]
[Round "4.46"]
[White "Bayaraa, Bilguun"]
[Black "Hilliard, Michael"]
[Result "1-0"]
[WhiteElo "634"]
[BlackElo "1400"]
[PlyCount "59"]
[EventDate "2016.??.??"]

1. d4 d5 2. Nc3 c6 3. Nf3 Nf6 4. Bf4 Nbd7 5. e3 e6 6. Bd3 c5 $4 {Diagram [#]}
7. Nb5 $1 $18 Qb6 8. Nc7+ Ke7 9. Nxa8 Qxb2 10. O-O c4 11. Bg5 cxd3 12. Qxd3 Qb4
13. Bxf6+ gxf6 14. e4 Qd6 15. c4 dxe4 16. Qxe4 f5 17. Qh4+ f6 18. c5 Qb8 19.
Rae1 Kd8 20. Rxe6 Bg7 21. Qh5 Qxa8 22. Qf7 Bf8 23. Rd6 Kc7 24. Qe8 Qb8 25. d5
Bxd6 26. cxd6+ Kxd6 27. Qxh8 Qc7 28. Nd4 Ke5 29. Qe8+ Kxd4 30. Rd1+ 1-0

[Event "Mechanics' Fall TNM; G/2"]
[Site "San Francisco"]
[Date "2016.11.29"]
[Round "7.41"]
[White "Bayaraa, Bilguun"]
[Black "Marrus, Matthew E"]
[Result "1-0"]
[WhiteElo "1127"]
[BlackElo "1324"]
[PlyCount "99"]
[EventDate "2016.??.??"]

1. d4 d5 2. Nf3 Nf6 3. e3 Nc6 4. c4 e6 5. a3 b6 6. b4 Be7 7. c5 O-O 8. Bb5 Bd7
9. Nc3 a6 10. Bxc6 Bxc6 11. Ne5 Bb7 12. O-O Nd7 13. Nxd7 Qxd7 14. Qf3 bxc5 15.
bxc5 Bc6 16. Re1 Rfe8 17. Ne2 Bf6 18. Ng3 e5 19. Bb2 e4 20. Qf4 Bb5 21. Nh5 Re6
22. Qg4 Qc6 23. Nf4 Re7 24. Qh5 Rd8 25. g4 g6 26. Qh3 Qe8 27. g5 Bd7 28. Qg3
Bg7 29. Nxd5 Bf5 30. Nxe7+ Qxe7 31. f4 exf3 32. h4 Qe4 33. Qf4 Qb7 34. Bc3 Qb3
35. Qxc7 Rb8 36. Reb1 Bxb1 37. Bb4 Rxb4 38. axb4 Qxb4 39. Qg3 Be4 40. Rf1 Qd2
41. Qf2 Qxf2+ 42. Kxf2 f5 43. Rc1 Bc6 44. d5 Bxd5 45. c6 Be5 46. c7 Bxc7 47.
Rxc7 Kf8 48. Ra7 Be4 49. Rxa6 Ke8 50. Ra7 1-0

[Event "Mechanics' Alan Benson TNM; G/2"]
[Site "San Francisco"]
[Date "2016.08.09"]
[Round "2.28"]
[White "Bayaraa, Bilguun"]
[Black "Melville, Cailen"]
[Result "0-1"]
[WhiteElo "823"]
[BlackElo "1985"]
[PlyCount "66"]
[EventDate "2016.??.??"]

1. d4 e6 2. Nf3 f5 3. g3 b6 4. c4 Bb7 5. Bg2 Nf6 6. Bg5 h6 7. Bxf6 Qxf6 8. Nc3
Bb4 9. Qd2 O-O 10. O-O d6 11. a3 Bxc3 12. Qxc3 a5 13. a4 Na6 14. Nh4 Bxg2 15.
Nxg2 Nb4 16. f4 Rad8 17. e3 d5 18. b3 c5 19. Rad1 Rd7 20. Rd2 Rfd8 21. Rfd1
dxc4 22. bxc4 cxd4 23. exd4 Nc6 24. Rb1 Nxd4 25. Kh1 Rd6 26. Ne3 Qf7 27. Rdb2
Qb7+ 28. Ng2 Nf3 29. Rf2 Rd1+ 30. Rf1 R8d3 31. Qb2 R3d2 32. Qa1 Ne1 33. Rg1
Nxg2 0-1

[Event "Mechanics' Spring TNM; G/2"]
[Site "San Francisco"]
[Date "2016.03.15"]
[Round "1.37"]
[White "Bayaraa, Bilguun"]
[Black "Melville, Cailen"]
[Result "0-1"]
[WhiteElo "634"]
[BlackElo "1811"]
[PlyCount "52"]
[EventDate "2016.??.??"]

1. d4 e6 2. Nc3 Bb4 3. Bd2 Nf6 4. Nf3 d5 5. e3 O-O 6. a3 Bd6 7. Bd3 c6 8. b4
Nbd7 9. O-O e5 10. e4 exd4 11. Nxd4 dxe4 12. Nxe4 Nxe4 13. Bxe4 Qh4 14. g3 Qxe4
15. Nf3 Nf6 16. Re1 Qg4 17. Kf1 Qh3+ 18. Ke2 Re8+ 19. Kd3 Bf5+ 20. Kc3 Ne4+ 21.
Rxe4 Rxe4 22. Kb2 Qh5 23. Kc1 Bg4 24. h3 Bxf3 25. g4 Qe5 26. Qf1 Qxa1# 0-1

[Event "Mechanics' Winter TNM; G/2"]
[Site "San Francisco"]
[Date "2016.02.16"]
[Round "7.43"]
[White "Bayaraa, Bilguun"]
[Black "Rhizor, Jared"]
[Result "0-1"]
[WhiteElo "543"]
[BlackElo "1246"]
[Annotator "Donaldson"]
[PlyCount "38"]
[EventDate "2016.??.??"]

1. d4 d5 2. Nc3 Nf6 3. e3 e6 4. Nf3 Bd6 5. Bd3 Nc6 6. O-O b6 7. Bd2 O-O 8. a3
Re8 9. Re1 e5 10. e4 dxe4 11. Nxe4 Bb7 12. c3 exd4 13. Nxd4 Nxd4 14. f3 Nb3 $1
15. Rb1 (15. Qxb3 Nxe4 16. Bxe4 Rxe4 17. fxe4 Qh4 18. h3 Qg3 $19) 15... Nxd2
16. Qxd2 c5 17. b3 Nxe4 18. Bxe4 Bxe4 19. Re2 Bxb1 0-1

[Event "Mechanics' Fall TNM; G/2"]
[Site "San Francisco"]
[Date "2016.10.25"]
[Round "2.41"]
[White "Bayaraa, Bilguun"]
[Black "Simpkins, Jerry"]
[Result "0-1"]
[WhiteElo "1127"]
[BlackElo "1542"]
[PlyCount "70"]
[EventDate "2016.??.??"]

1. d4 e5 2. e3 e4 3. Nc3 f5 4. Bc4 c6 5. Bb3 d5 6. f3 Nf6 7. Qe2 Bd6 8. Bd2 Na6
9. a3 Be6 10. Nh3 h6 11. Nf2 O-O 12. f4 Bf7 13. h3 Be7 14. O-O-O Nh5 15. Qe1
Ng3 16. Rg1 Bh4 17. Ne2 Bh5 18. Ng4 Nxe2+ 19. Qxe2 fxg4 20. hxg4 Bf7 21. g3 Bf6
22. Rh1 c5 23. c3 cxd4 24. exd4 Rc8 25. Qh2 Bxd4 26. Kb1 Nc5 27. Ba2 e3 28. Bc1
Bf6 29. g5 Bxg5 30. fxg5 Qxg5 31. Qe2 Rce8 32. Rde1 Bg6+ 33. Ka1 Be4 34. Rh2
Nd3 35. Bxd5+ Qxd5 0-1

[Event "Mechanics' Summer TNM; G/2"]
[Site "San Francisco"]
[Date "2016.05.31"]
[Round "2.38"]
[White "Bayaraa, Bilguun"]
[Black "Simpkins, Jerry"]
[Result "0-1"]
[WhiteElo "721"]
[BlackElo "1538"]
[PlyCount "44"]
[EventDate "2016.??.??"]

1. d4 d5 2. Nf3 Nc6 3. Nc3 Bf5 4. a3 e6 5. Bf4 Bd6 6. e3 Bxf4 7. exf4 Nge7 8.
Be2 O-O 9. O-O Bg6 10. Bd3 Nf5 11. Bxf5 Bxf5 12. Qe2 Bg4 13. h3 Bxf3 14. Qxf3
Nxd4 15. Qd3 Nf5 16. Rae1 Qh4 17. Qf3 Nd4 18. Qg4 Qxg4 19. hxg4 Nxc2 20. Re2
Nd4 21. Rd2 c5 22. b4 b6 {Black later won. The remaining moves are unavailable.
} 0-1

[Event "Mechanics' Alan Benson TNM; G/2"]
[Site "San Francisco"]
[Date "2016.09.20"]
[Round "8.37"]
[White "Bayaraa, Bilguun"]
[Black "Yanofsky, Kevin"]
[Result "1/2-1/2"]
[WhiteElo "796"]
[BlackElo "1415"]
[PlyCount "98"]
[EventDate "2016.??.??"]

1. d4 Nf6 2. c4 e6 3. Nc3 Bb4 4. Bd2 Nc6 5. Nf3 O-O 6. e3 Bxc3 7. Bxc3 Ne4 8.
Qc2 Nxc3 9. Qxc3 d6 10. Bd3 Qe7 11. O-O e5 12. e4 Bg4 13. d5 Bxf3 14. dxc6 Qg5
15. g3 Qg4 16. Bc2 Bxe4 17. f3 Bxf3 18. Rxf3 bxc6 19. Qd3 g6 20. Raf1 f5 21.
Qd2 Kg7 22. Qc3 Rae8 23. Rf4 Qg5 24. h4 Qf6 25. R4f2 e4 26. Qe3 Qxb2 27. Qxa7
Qb6 28. Qxb6 cxb6 29. Ba4 b5 30. cxb5 Ra8 31. Bb3 cxb5 32. Bd5 Ra5 33. Bxe4 h5
34. Bd3 Ra3 35. Rd1 b4 36. Rb2 Rc8 37. Kf2 Rcc3 38. Ke2 Kf6 39. Rc2 Rxc2+ 40.
Bxc2 Rxa2 41. Rxd6+ Ke5 42. Rd2 b3 43. Bxb3 Rxd2+ 44. Kxd2 f4 45. Ke2 fxg3 46.
Kf3 g2 47. Kxg2 Kf4 48. Kh3 g5 49. Bf7 gxh4 1/2-1/2

[Event "Mechanics' Fall TNM; G/2"]
[Site "San Francisco"]
[Date "2016.11.22"]
[Round "6.4"]
[White "Bayaraa, Chinguun"]
[Black "Askin, David Benja"]
[Result "1-0"]
[WhiteElo "2086"]
[BlackElo "1942"]
[PlyCount "153"]
[EventDate "2016.??.??"]

1. d4 Nf6 2. c4 g6 3. Nc3 d5 4. Bf4 Bg7 5. e3 O-O 6. Nf3 c5 7. dxc5 Qa5 8. Rc1
dxc4 9. Bxc4 Ne4 10. Be5 Nxc5 11. Bxg7 Kxg7 12. O-O Be6 13. Bxe6 Nxe6 14. Qb3
Qa6 15. Ne5 Nc6 16. Nxc6 bxc6 17. Ne4 Rab8 18. Qc3+ Kg8 19. a3 c5 20. Rfd1 Qb7
21. Nxc5 Nxc5 22. Qxc5 Qxb2 23. Qxe7 Rb3 24. Ra1 a5 25. h3 a4 26. e4 Rb7 27.
Qc5 Re8 28. Qc6 Rbe7 29. f3 Qb3 30. Kh1 Re6 31. Qd7 R6e7 32. Qd4 Rc7 33. Rdb1
Qc2 34. Rb4 Qe2 35. Rxa4 Rc2 36. Rg1 h5 37. Ra7 Rd2 38. Qf6 Rf8 39. Qe7 Qf2 40.
a4 h4 41. a5 Re2 42. Qc7 Rc2 43. Qd7 Rd2 44. Qc7 Rc2 45. Qb6 Qxb6 46. axb6 Rb2
47. Ra5 Rxb6 48. Rg5 Kg7 49. Rg4 Rh8 50. Rd1 Rb7 51. Rd4 f6 52. f4 Rb1+ 53. Kh2
Re8 54. Rxh4 Re7 55. Rg4 Re1 56. f5 g5 57. h4 Rb7 58. hxg5 fxg5 59. Rc4 Kf6 60.
Rc6+ Ke5 61. Re6+ Kd4 62. f6 Rbb1 63. Rxg5 Rh1+ 64. Kg3 Rb3+ 65. Kg4 Rh2 66.
Kf5 Rh1 67. Kg6 Rb8 68. f7 Rbh8 69. Kf6 R1h6+ 70. Ke7 R6h7 71. e5 Ra8 72. Rd6+
Ke4 73. e6 Ra7+ 74. Rd7 Ra1 75. Ke8 Ra8+ 76. Rd8 Rh8+ 77. Rg8 1-0

[Event "Mechanics' Alan Benson TNM; G/2"]
[Site "San Francisco"]
[Date "2016.09.20"]
[Round "8.2"]
[White "Bayaraa, Chinguun"]
[Black "Doyle, Bryon"]
[Result "0-1"]
[WhiteElo "2023"]
[BlackElo "2209"]
[Annotator "Donaldson"]
[PlyCount "50"]
[EventDate "2016.??.??"]

1. d4 d5 2. c4 dxc4 3. e3 e5 4. Bxc4 Nf6 5. Qb3 Qe7 6. dxe5 Ng4 7. Nf3 Nc6 8.
O-O Ngxe5 9. Nxe5 Nxe5 10. f4 Nxc4 11. Qxc4 Be6 12. Qe2 Qc5 13. b3 O-O-O 14.
Bb2 Bf5 15. Rc1 Qb6 16. Bd4 Rxd4 17. exd4 Qxd4+ 18. Kh1 Bd6 (18... Qxa1 $4 19.
Qe8#) 19. Nd2 Bd3 20. Qe1 Qxf4 21. Nf3 Be4 22. Qe2 g5 23. Re1 f5 24. Qb2 Rf8
25. Qg7 g4 0-1

[Event "Mechanics' Summer TNM; G/2"]
[Site "San Francisco"]
[Date "2016.06.21"]
[Round "5.9"]
[White "Bayaraa, Chinguun"]
[Black "Harmon, Frederick"]
[Result "1-0"]
[WhiteElo "1949"]
[BlackElo "1766"]
[PlyCount "57"]
[EventDate "2016.??.??"]

1. d4 Nf6 2. c4 h6 3. Nc3 d5 4. cxd5 Nxd5 5. e4 Nf6 6. Nf3 c6 7. h3 e6 8. Be3
Bb4 9. Qc2 Nbd7 10. Bd3 O-O 11. O-O Re8 12. e5 Nd5 13. Nxd5 cxd5 14. a3 Be7 15.
Ne1 Nf8 16. f4 g6 17. Nf3 Kh7 18. Rf2 Bd7 19. Raf1 a6 20. g4 Bb5 21. Bxb5 axb5
22. f5 Qc8 23. fxg6+ Nxg6 24. Qd2 Bf8 25. Nh2 Re7 26. Rxf7+ Kg8 27. R7f6 Kh7
28. Qd3 Qe8 29. Rxf8 1-0

[Event "Mechanics' Winter TNM; G/2"]
[Site "San Francisco"]
[Date "2016.02.16"]
[Round "7.10"]
[White "Bayaraa, Chinguun"]
[Black "Krasnov, Steven Le"]
[Result "0-1"]
[WhiteElo "1889"]
[BlackElo "1958"]
[Annotator "Donaldson"]
[PlyCount "82"]
[EventDate "2016.??.??"]

1. d4 Nf6 2. c4 e6 3. Nc3 Bb4 4. Qc2 d5 5. e3 O-O 6. a3 Be7 7. b4 b6 8. c5 a5
9. Bb2 Bb7 10. Bd3 axb4 11. axb4 Nc6 12. Rxa8 Qxa8 13. Qb3 bxc5 14. bxc5 Rb8
15. Qa3 e5 16. Nge2 exd4 17. exd4 Na5 18. O-O Nc4 19. Bxc4 dxc4 20. f3 Bc6 21.
Qxa8 Bxa8 22. Bc1 Nd5 23. Nxd5 Bxd5 24. Nc3 c6 25. Bf4 Rd8 26. Be3 Be6 27. Rc1
f5 28. g3 Bf6 29. Ne2 Kf7 30. Kf2 g5 31. Rd1 Ra8 32. Bd2 Ra2 33. Bc3 Bd5 34.
Ke3 g4 35. fxg4 fxg4 36. Bd2 Bg5+ 37. Nf4 Kf6 38. Bc1 Kf5 39. Bd2 Be4 40. Rc1
h5 41. d5 (41. Rxc4 h4) 41... Bxd5 0-1

[Event "Mechanics' Spring TNM; G/2"]
[Site "San Francisco"]
[Date "2016.05.03"]
[Round "8.13"]
[White "Bayaraa, Chinguun"]
[Black "Lesquillier, Walter"]
[Result "1-0"]
[WhiteElo "1919"]
[BlackElo "1729"]
[Annotator "Donaldson"]
[PlyCount "63"]
[EventDate "2016.??.??"]

1. d4 Nf6 2. c4 e6 3. Nc3 d5 4. Bg5 Be7 5. e3 O-O 6. Nf3 Nbd7 7. Rc1 b6 8. Bd3
dxc4 9. Bxc4 Bb7 10. O-O Nd5 11. Bxd5 exd5 12. Bf4 a6 13. Qb3 c6 14. Qd1 Nf6
15. Ne2 b5 16. Qc2 Rc8 17. Rfd1 Qb6 18. Nc3 Nd7 19. Ne5 Nxe5 20. Bxe5 Qa5 21.
Ne2 Qb4 22. Qd3 g6 23. Nc3 Qa5 24. Bg3 b4 25. Ne2 Qxa2 26. f4 Qa5 27. f5 Qd8
28. Rf1 Bd6 29. f6 Bxg3 30. Nxg3 Qd7 31. Qd2 a5 32. e4 {
Black's resignation is premature! After} (32. e4 {Black has} Kh8 {meeting} 33.
Qh6 Rg8 34. Rf4 {threatening Qxh7+ with} g5 $1 {Black is very much in the game.
}) 1-0

[Event "Mechanics' Fall TNM; G/2"]
[Site "San Francisco"]
[Date "2016.10.25"]
[Round "2.9"]
[White "Bayaraa, Chinguun"]
[Black "Mays, Jerry L"]
[Result "1-0"]
[WhiteElo "2086"]
[BlackElo "1876"]
[PlyCount "107"]
[EventDate "2016.??.??"]

1. d4 Nf6 2. c4 g6 3. Nc3 Bg7 4. e4 d6 5. f3 O-O 6. Be3 Nbd7 7. Qd2 e5 8. d5 b6
9. Bd3 Nc5 10. Bc2 a5 11. Nge2 Na6 12. a3 Nc5 13. Rb1 Bd7 14. b4 axb4 15. axb4
Nb7 16. O-O Qe7 17. Bd3 Ra7 18. Rfc1 Rfa8 19. Rb2 Nh5 20. Rcb1 Ra3 21. Ra2 Nf4
22. Rxa3 Rxa3 23. Qc1 Qg5 24. Nxf4 exf4 25. Bxf4 Bd4+ 26. Kh1 Rxc3 27. Bxg5
Rxc1+ 28. Bxc1 c5 29. b5 f5 30. Bb2 fxe4 31. Bxe4 Na5 32. Bxd4 cxd4 33. Rb4 Kf7
34. Kg1 Kf6 35. Kf2 Bf5 36. Bxf5 Kxf5 37. Ke2 g5 38. Kd3 Ke5 39. Rb2 h5 40.
Re2+ Kf5 41. Kxd4 Nb3+ 42. Kc3 Nc5 43. Re8 g4 44. Rf8+ Kg5 45. f4+ Kg6 46. f5+
Kg5 47. Kd4 h4 48. f6 Nd7 49. Rg8+ Kxf6 50. Rxg4 h3 51. g3 Ne5 52. Rf4+ Kg5 53.
Rf8 Kh5 54. Rf5+ 1-0

[Event "Mechanics' Fall TNM; G/2"]
[Site "San Francisco"]
[Date "2016.11.29"]
[Round "7.2"]
[White "Bayaraa, Chinguun"]
[Black "Pan, Hongkai"]
[Result "1-0"]
[WhiteElo "2086"]
[BlackElo "2099"]
[Annotator "Donaldson"]
[PlyCount "125"]
[EventDate "2016.??.??"]

1. d4 d5 2. c4 e6 3. Nc3 c6 4. Bf4 dxc4 5. e3 b5 6. Qf3 Bb4 7. Qg3 Nd7 8. Qxg7
Qf6 9. Qg3 Ne7 10. Nge2 Rg8 11. Qf3 Nd5 12. O-O-O Nxf4 13. exf4 Bxc3 14. Nxc3
Bb7 15. g3 O-O-O 16. Bg2 a6 17. Rhe1 Nb6 18. Ne4 Qg7 19. Qa3 Nd5 20. Nc5 Qf8
21. Bxd5 Rxd5 22. Re5 Qe7 23. Rxd5 $6 (23. f5 $1) 23... cxd5 $2 (23... exd5)
24. Re1 Qd6 25. Re5 Kb8 {Diagram [#]} 26. Qe3 (26. f5 $1 exf5 27. Re7) 26...
Bc8 27. Rh5 Rg7 28. Qe5 Qxe5 29. fxe5 Kc7 30. Kd2 a5 31. f4 b4 32. Rh6 Kc6 33.
a3 (33. f5) 33... c3+ $2 (33... Kc7) 34. bxc3 bxa3 35. Kc2 a4 36. Nxa4 Kb5 37.
Nc5 Kc4 38. Nb3 Bd7 39. Nd2+ Kb5 40. Kb3 a2 41. Kxa2 Ka4 42. Rf6 Bb5 43. f5 $1
exf5 44. Rxf5 Bd3 45. Rf6 h5 46. Rf4 Bg6 47. Nb3 Rg8 48. Rf6 Kb5 49. Kb2 Kc4
50. Rc6+ Kd3 51. Nc5+ Kd2 52. Nd7 Rd8 53. Rc7 Bf5 54. Nc5 Bg6 55. Rb7 Ra8 56.
Rb5 Be4 57. Rb7 Bg6 58. Nb3+ Ke3 59. Rd7 Kf2 60. Rxd5 Kg2 61. e6 fxe6 62. Rg5
Be4 63. Rxh5 1-0

[Event "Mechanics' Spring TNM; G/2"]
[Site "San Francisco"]
[Date "2016.04.26"]
[Round "7.19"]
[White "Bayaraa, Chinguun"]
[Black "Paquette, James"]
[Result "1-0"]
[WhiteElo "1919"]
[BlackElo "1677"]
[PlyCount "57"]
[EventDate "2016.??.??"]

1. d4 g6 2. c4 Bg7 3. Nc3 c5 4. e3 Qa5 5. Nf3 d6 6. Be2 Nf6 7. O-O O-O 8. a3
Nbd7 9. Bd2 a6 10. Bd3 Qc7 11. h3 Nb6 12. d5 e6 13. e4 e5 14. Ne2 Nh5 15. Ba5
Bf6 16. Qb3 Bd8 17. Nc3 Nf4 18. Rfd1 Nxd3 19. Rxd3 f5 20. Nd2 fxe4 21. Ndxe4
Bd7 22. Re1 Rf4 23. g3 Rxe4 24. Nxe4 Ba4 25. Bxb6 Bxb3 26. Bxc7 Bc2 27. Rc3
Bxe4 28. Bxd8 Rxd8 29. Rxe4 1-0

[Event "Mechanics' Alan Benson TNM; G/2"]
[Site "San Francisco"]
[Date "2016.08.16"]
[Round "3.10"]
[White "Bayaraa, Chinguun"]
[Black "Porlares, Teodoro"]
[Result "1/2-1/2"]
[WhiteElo "2023"]
[BlackElo "1767"]
[PlyCount "119"]
[EventDate "2016.??.??"]

1. d4 Nf6 2. c4 e6 3. Nc3 b6 4. e4 Bb4 5. f3 Bxc3+ 6. bxc3 d6 7. Bd3 Nbd7 8.
Ne2 c5 9. Be3 O-O 10. O-O e5 11. d5 Re8 12. Qc2 Qc7 13. Rae1 b5 14. Ng3 bxc4
15. Bxc4 Nb6 16. Bb5 Rf8 17. c4 a6 18. Bc6 Bb7 19. Bxb7 Qxb7 20. Nf5 Qc7 21. h3
Ne8 22. f4 f6 23. Rf3 Qd7 24. Ref1 exf4 25. Bxf4 Ra7 26. Bh2 Kh8 27. Rb3 Nc8
28. Rbf3 Nb6 29. Qd3 Nc8 30. Ne3 Qe7 31. Ng4 Rg8 32. Ne3 Nb6 33. Nf5 Qd8 34. g4
g5 35. Qc3 Rg6 36. Kh1 h6 37. Bxd6 Nxd6 38. Nxd6 Na4 39. Qb3 Nb6 40. Nf5 Nd7
41. Ng3 Ne5 42. Rf5 Qd6 43. Nh5 Rf7 44. Qc3 Kg8 45. Kg2 Nd7 46. R1f2 Ne5 47.
Qg3 Kf8 48. Rf1 Nxc4 49. Qxd6+ Nxd6 50. Rxf6 Rgxf6 51. Nxf6 Kg7 52. e5 Nc4 53.
Re1 Rb7 54. Nh5+ Kf7 55. d6 Ke6 56. Rc1 Nxe5 57. Rxc5 Kxd6 58. Ra5 Rb6 59. Ng3
Nc4 60. Nf5+ 1/2-1/2

[Event "Mechanics' Fall TNM; G/2"]
[Site "San Francisco"]
[Date "2016.11.08"]
[Round "4.3"]
[White "Bayaraa, Chinguun"]
[Black "Shakhnazarov, Oleg"]
[Result "0-1"]
[WhiteElo "2086"]
[BlackElo "2150"]
[Annotator "Donaldson"]
[PlyCount "78"]
[EventDate "2016.??.??"]

1. d4 e6 2. c4 Be7 3. Nc3 d6 4. e4 Nd7 5. Be3 a6 6. Nf3 g5 7. h3 Nf8 8. Bd3 Ng6
9. g3 c6 10. Qc2 b5 11. cxb5 cxb5 12. d5 {the text and White's next two moves
are an excellent way of punishing Black's early queenside advance.} e5 13. b4
Bd7 14. a4 $1 bxa4 15. Nxa4 {White has a large advantage.} Rb8 16. Qd2 ({
Why not the immediate} 16. Bxa6 $2) 16... g4 17. hxg4 Bxg4 18. Nh2 Bd7 19. Bxa6
h5 20. Nf3 Nf6 21. Bd3 Ng4 22. Bg5 f6 23. Bh4 $6 (23. Nh4 Nf8 24. Be3) 23...
Kf7 24. Ke2 Qe8 25. Nb2 Rb7 26. Nc4 Qb8 27. Rhb1 Rc8 28. Na3 $2 (28. Na5 $1)
28... Bd8 29. Ba6 $4 {Diagram [#]} Qa7 $1 30. Nc4 Qxf2+ 31. Kd1 Qxf3+ 32. Qe2
Qc3 33. Nxd6+ Kg7 34. Bd3 Nf2+ 35. Qxf2 Qxd3+ 36. Qd2 Qf1+ 37. Qe1 Bg4+ 38. Kd2
Qg2+ 39. Kd3 Qc2+ 0-1

[Event "Mechanics' Summer TNM; G/2"]
[Site "San Francisco"]
[Date "2016.06.28"]
[Round "6.2"]
[White "Bayaraa, Chinguun"]
[Black "Shaw, Tenzing Will"]
[Result "0-1"]
[WhiteElo "1949"]
[BlackElo "2292"]
[Annotator "Donaldson"]
[PlyCount "106"]
[EventDate "2016.??.??"]

1. d4 g6 2. c4 Bg7 3. Nc3 c5 4. d5 Bxc3+ 5. bxc3 f5 6. e4 fxe4 7. f3 e5 8. Qe2
d6 9. fxe4 Nd7 10. Nf3 h6 11. Qc2 g5 12. Be3 Qf6 13. Be2 Ne7 14. Rf1 Qg7 15.
O-O-O Nb6 16. Nd2 Bd7 17. Nb3 O-O-O 18. Kb1 Ng6 19. g3 Bh3 20. Rfe1 Qd7 21. Ka1
Rhf8 22. Rb1 Rf6 23. Na5 Rdf8 24. Rb5 Bf1 25. Reb1 Bxe2 26. Qxe2 Rf3 27. Nb3 (
27. Rxb6 axb6 28. Rxb6 Qc7 29. Rb5 b6 30. Nc6 Ne7 31. Nxe7+ Qxe7 32. Rxb6 Qa7
$17) 27... R8f7 28. Nd2 R3f6 29. Qd1 Qh3 30. a4 Kb8 31. a5 Nc8 32. Qb3 Qd7 33.
Qa3 Qd8 34. a6 b6 35. Nb3 Rf1 36. Bc1 Ka8 37. Be3 Qd7 38. Nd2 Rxb1+ 39. Rxb1
Nce7 40. Qb3 Kb8 41. Qb5 Kc7 42. Qb3 Qh3 43. Qa4 Rf8 44. Nb3 Qd7 45. Qa2 Qg4
46. Bxc5 dxc5 47. Nxc5 bxc5 48. Qa5+ Kd6 49. Rb7 Rf1+ 50. Ka2 Qe2+ 51. Rb2
Qxc4+ 52. Rb3 Rf8 53. Ka3 Qxe4 0-1

[Event "Mechanics' Winter TNM; G/2"]
[Site "San Francisco"]
[Date "2016.02.02"]
[Round "5.5"]
[White "Bayaraa, Chinguun"]
[Black "Shaw, Tenzing Will"]
[Result "0-1"]
[WhiteElo "1889"]
[BlackElo "2287"]
[PlyCount "72"]
[EventDate "2016.??.??"]

1. d4 Nf6 2. c4 c5 3. d5 b5 4. cxb5 a6 5. bxa6 Bxa6 6. Nc3 d6 7. e4 Bxf1 8.
Kxf1 g6 9. g3 Bg7 10. Nf3 O-O 11. Kg2 Nbd7 12. Qc2 Qa5 13. a4 Rfb8 14. Ra3 Qb4
15. Re1 Ng4 16. Na2 Qb7 17. b3 Nge5 18. Nxe5 Nxe5 19. Bd2 Qa6 20. b4 Nc4 21.
Rd3 Nxd2 22. Qxd2 Qxa4 23. Nc3 Qxb4 24. Rb1 Qc4 25. Rxb8+ Rxb8 26. Re3 Bd4 27.
Rd3 Bxc3 28. Rxc3 Qxe4+ 29. f3 Qe5 30. h4 Rb4 31. Kh3 h5 32. g4 hxg4+ 33. fxg4
Qd4 34. Qxd4 Rxd4 35. h5 Rxd5 36. Kh4 Kg7 0-1

[Event "Mechanics' Alan Benson TNM; G/2"]
[Site "San Francisco"]
[Date "2016.09.06"]
[Round "6.10"]
[White "Bayaraa, Chinguun"]
[Black "Sherwood, Peter"]
[Result "1-0"]
[WhiteElo "2023"]
[BlackElo "1688"]
[PlyCount "67"]
[EventDate "2016.??.??"]

1. d4 d5 2. c4 c6 3. Nf3 Nf6 4. Nc3 Nbd7 5. Bg5 Nb6 6. c5 Nbd7 7. e3 e6 8. Be2
Be7 9. O-O O-O 10. h3 b6 11. b4 Bb7 12. a3 Re8 13. Qc2 bxc5 14. bxc5 a5 15.
Rab1 Ba6 16. Bxa6 Rxa6 17. Na4 Qc7 18. Bf4 Qa7 19. Rb2 Rc8 20. Rfb1 Bd8 21. g4
h6 22. h4 Qa8 23. g5 hxg5 24. hxg5 Ne4 25. Ne5 Nxe5 26. Bxe5 Nxg5 27. Rb8 Rxb8
28. Rxb8 Nf3+ 29. Kf1 Nxe5 30. Rxa8 Rxa8 31. dxe5 Rb8 32. Kg2 Be7 33. Nb6 Bd8
34. Qa4 1-0

[Event "Mechanics' Winter TNM; G/2"]
[Site "San Francisco"]
[Date "2016.01.12"]
[Round "2.19"]
[White "Bayaraa, Chinguun"]
[Black "Smith, David A"]
[Result "1-0"]
[WhiteElo "1889"]
[BlackElo "1581"]
[PlyCount "69"]
[EventDate "2016.??.??"]

1. d4 Nf6 2. c4 e6 3. Nc3 b6 4. Bg5 Be7 5. e3 Bb7 6. f3 O-O 7. Bd3 d5 8. Nge2
Nbd7 9. O-O c5 10. cxd5 Nxd5 11. Bxe7 Nxc3 12. bxc3 Qxe7 13. Qd2 Nf6 14. e4 g6
15. Qe3 Rac8 16. a4 Kg7 17. Rfb1 Qc7 18. Rb2 Nd7 19. a5 c4 20. Bc2 Bc6 21. axb6
Nxb6 22. Rba2 Ra8 23. Ng3 Rfe8 24. Qg5 f6 25. Nh5+ Kf8 26. Qxf6+ Qf7 27. Qxf7+
Kxf7 28. Rxa7+ Re7 29. Rxe7+ Kxe7 30. Rxa8 Nxa8 31. Nf4 Nb6 32. Kf2 Ba4 33.
Bxa4 Nxa4 34. Ne2 Nb2 35. Kg3 1-0

[Event "Mechanics' Summer TNM; G/2"]
[Site "San Francisco"]
[Date "2016.06.07"]
[Round "3.3"]
[White "Bayaraa, Chinguun"]
[Black "Sun, James"]
[Result "0-1"]
[WhiteElo "1949"]
[BlackElo "2270"]
[PlyCount "88"]
[EventDate "2016.??.??"]

1. d4 Nf6 2. c4 e6 3. Nc3 c5 4. d5 exd5 5. cxd5 d6 6. e4 g6 7. Nf3 Bg7 8. h3
O-O 9. Bd3 Nh5 10. O-O Nd7 11. Qc2 a6 12. a4 Rb8 13. a5 Re8 14. Bg5 Bf6 15. Bd2
Ne5 16. Nxe5 Bxe5 17. f4 Bd4+ 18. Kh2 Bd7 19. Ne2 Bg7 20. Rf3 Qe7 21. Bc3 c4
22. Bxc4 Qxe4 23. Qxe4 Rxe4 24. Bd3 Ree8 25. Rd1 Nf6 26. Ng3 h5 27. f5 h4 28.
Nf1 g5 29. Bxf6 Bxf6 30. b3 Rbc8 31. Ne3 Be5+ 32. Kh1 f6 33. Nc4 Red8 34. Nxe5
dxe5 35. d6 Kf8 36. Be4 Bc6 37. Bxc6 Rxc6 38. Rfd3 Ke8 39. b4 Kd7 40. Rd5 Rdc8
41. Kh2 Rc1 42. b5 Rxd1 43. Rxd1 axb5 44. Rd5 Kc6 0-1

[Event "Mechanics' Spring TNM; G/2"]
[Site "San Francisco"]
[Date "2016.03.22"]
[Round "2.18"]
[White "Bayaraa, Chinguun"]
[Black "Weingarten, Daniel"]
[Result "1-0"]
[WhiteElo "1919"]
[BlackElo "952"]
[PlyCount "39"]
[EventDate "2016.??.??"]

1. d4 d5 2. c4 e6 3. Nc3 Nf6 4. Bg5 c6 5. e3 Be7 6. Nf3 O-O 7. Bd3 dxc4 8. Bxc4
Nd5 9. Bxe7 Qxe7 10. O-O Nd7 11. e4 N5f6 12. Qe2 Nb6 13. Bb3 Rd8 14. Rfe1 Qb4
15. Qc2 h6 16. a3 Qe7 17. Rad1 Bd7 18. Ne5 Be8 19. Nc4 Nxc4 20. Bxc4 {
White later won. Remaining moves unavailable.} 1-0